| 000 | 00553nam a2200181 a 4500 | ||
|---|---|---|---|
| 001 | 000037434 | ||
| 005 | 20200930080353.0 | ||
| 008 | 120418s1995 sp 000 0 spa d | ||
| 020 | _a8400075242 | ||
| 040 |
_aDO-SdBNP _bspa _cBNPHU |
||
| 082 |
_axxxxxx _bxxxxxx |
||
| 100 | 1 |
_aEntrena Durán, Francisco _963878 |
|
| 245 | 1 | 0 |
_aMéxico : _bdel caudillismo al populismo estructural / _cFrancisco Entrena Durán. |
| 260 |
_aSevilla, : _bCSIC, _c1995. |
||
| 300 |
_a230 p. ; _c21 cm. |
||
| 490 | 1 | _aDifusión y estudio | |
| 830 | 0 |
_aDifusión y estudio _915205 |
|
| 999 |
_c36924 _d36924 |
||